000 00307nam a22001337a 4500
008 170823b xxu||||| |||| 00| 0 eng d
020 _a9781429209007
041 _aeng
080 _28 ED
_a51
100 _a38
101 _aMAT
245 _aFOR ALL PRACTICAL PURPOSES
_cFREEMAN.W.H
942 _2udc
_cBK
999 _c24591
_d24591